000
00356nam a2200133Ia 4500
003
GCL
008
140319s9999 xx 000 0 ara d
040
_a
GCL /
_c
GCL
082
0
4
_a
616
_b
ح و
245
1
0
_a
الوجيز فى علم الامراض AN OUTLINE OF POTHOLOGY
260
_a
[S.N] :
_b
دار الشروق ،
_c
1991
300
_a
258 ص
490
_a
999
_c
55687
_d
55687